000 00769nam a2200253Ia 4500
003 OSt
005 20220926011228.0
006 a|||||r|||| 00| 0
007 ta
008 220923b |||||||| |||| 00| 0 eng d
020 _a0131747231
037 _cGeneral Book
040 _aRTL
_cRTL
_beng
041 _2eng
_aeng
082 _aY:6.93.N9, N3
100 _aLockwood Victoria S and others Ed.
_9313780
245 0 _aContemporary Pacific societies
_b Studies in development and change
260 _aNew Jersey
_bPrentice-Hall
_c1993
300 _ax,374p.
_ccm.
500 _aBibliography: p 335-360
650 _aSocial Change
942 _hY:6.93.N9, N3
_cGB
_2CC
999 _c619442
_d619442